| 000 | 00799nam a2200253 a 4500 | ||
|---|---|---|---|
| 001 | BRCA_5554 | ||
| 005 | 20190320205128.0 | ||
| 008 | 300311t1909----gw-a######---#000-0#ger-# | ||
| 041 | _ager | ||
| 044 | _agw | ||
| 100 | 1 |
_aPosse, Hans. _914174 |
|
| 245 | 1 | 0 |
_aDie Gemäldegalerie des Kaiser-Friedrich-Museums. _bErste Abteilung Die Romanischen Länder: Zur Geschichte Der Gemäldegalerie. |
| 260 |
_aBerlin _bVerlag von Julius Bard. _c1909 |
||
| 300 |
_aTomo I y II _bIls., 150 _c26 cm. |
||
| 500 | _aÍndice por autores, índice geográfico. | ||
| 500 | _aPasta un pocomaltratada. | ||
| 500 | _aF29 | ||
| 650 | 1 | 4 |
_aPintura Bizantina _914175 |
| 650 | 1 | 4 |
_aPintura italiana _910312 |
| 650 | 1 | 4 |
_aPintura española _97790 |
| 650 | 1 | 4 |
_aPintura francesa _95229 |
| 902 | _aGFM | ||
| 942 |
_2lcc _cB |
||
| 999 |
_c5248 _d5248 |
||